| 000 | aam a22 a 4500 | ||
|---|---|---|---|
| 999 |
_c4419 _d4419 |
||
| 003 | AKMAL | ||
| 005 | 20170530092211.0 | ||
| 008 | 170530s1999 my l 00 eng d | ||
| 020 |
_a9678904357 (pbk.): _cRM 7.50 |
||
| 040 | _aAKMAL | ||
| 082 | 0 | 4 | _a347.595052 LIM |
| 090 | 0 | 0 |
_a347.595052 _bLIM |
| 110 | 1 |
_aMalaysia _9400 |
|
| 240 | 1 |
_aAkta Had Masa, 1953. _lEnglish |
|
| 245 | 1 | 0 |
_aLimitation Act, 1953 (Act 254) : _bas at 20th September 1999 / _ccompiled by Legal Research Board |
| 260 |
_aKuala Lumpur : _bInternational Law Book Services, _c1999 |
||
| 300 | 0 | 0 |
_aiii, 24p. ; _c24cm |
| 599 | _aDALAM PROSES | ||
| 650 | 0 |
_aLimitation of actions _xLaw and legislation _zMalaysia _98577 |
|
| 942 |
_2ddc _cBOOK |
||